00585nam a22001817a 450000500170000001000150001702000110003203500130004303700130005608200110006910000200008024500890010026000340018927000890022330000210031250000500033370000200038320150710110455.0 aENG-113169 c415.00 aEN-96701 bDBAD/PUB a519.72 aMukherjee, Arup aAdvanced linear programming & game theory /cby Arup Mukherjee [and] Naba Kumar Bej  bBooks & Alliedc2013aKolkata bKolkatae700010a No.1-E(1), 'Shubham plaza' (1st Floor) 83/1, Beliaghata Main Road, a675p.c24cm(pbk) aIncludes bibliographical references and index aBej, Naba Kumar